000 00734cam a2200157 4500500
005 20260111090505.0
041 _afre
042 _adc
100 1 0 _aPicq, Jean
_eauthor
245 0 0 _aFeuillets de peintre
260 _c2003.
500 _a34
520 _aRésuméDans ses pièces comme dans ses discours, l’ancien Président tchèque n’a cessé de déplorer la perte du sens de la responsabilité et d’évoquer ce qu’il appelle la crise de l’identité humaine, produit d’une civilisation technique qui a oublié que l’homme n’est pas Dieu.
786 0 _nÉtudes | 398 | 4 | 2003-04-01 | p. 515-530 | 0014-1941
856 4 1 _uhttps://shs.cairn.info/revue-etudes-2003-4-page-515?lang=fr&redirect-ssocas=7080
999 _c1619016
_d1619016